Shared Services in Finance and Accounting
Enregistré dans:
| Auteur principal: | |
|---|---|
| Format: | Livre |
| Langue: | anglais |
| Publié: |
Abingdon
Routledge/Taylor & Francis Group
2016
|
| Sujets: | |
| Tags: |
Pas de tags, Soyez le premier à ajouter un tag!
|
MARC
| LEADER | 00000nam a2200000 4500 | ||
|---|---|---|---|
| 001 | 0294249 | ||
| 005 | 20240416113828.2 | ||
| 020 | |a 978-1-138-24761-1 | ||
| 020 | |a 978-0-566-08607-6 | ||
| 041 | 0 | |a eng | |
| 044 | |a GB | ||
| 245 | 1 | 0 | |a Shared Services in Finance and Accounting |c Tom Olavi Bangemann |
| 264 | 1 | |a Abingdon |b Routledge/Taylor & Francis Group |c 2016 | |
| 300 | |a 246 s. | ||
| 610 | 2 | 0 | |a služby zdieľané |
| 610 | 2 | 0 | |a outsourcing |
| 610 | 2 | 0 | |a účtovníctvo |
| 610 | 2 | 0 | |a financie podnikové |
| 100 | 1 | |a Bangemann, Tom Olavi | |